Manažment dizajnu
Saved in:
| Main Author: | |
|---|---|
| Corporate Author: | |
| Other Authors: | , |
| Format: | Book |
| Language: | Slovak |
| Published: |
Bratislava
Vydavateľstvo EKONÓM
2014
|
| Edition: | 1. vyd. |
| Subjects: | |
| Tags: |
No Tags, Be the first to tag this record!
|
MARC
| LEADER | 00000nam a2200000 4500 | ||
|---|---|---|---|
| 001 | 0186827 | ||
| 005 | 20240502073206.3 | ||
| 020 | |a 978-80-225-3848-0 | ||
| 041 | 0 | |a slo | |
| 044 | |a SK | ||
| 245 | 1 | 0 | |a Manažment dizajnu |c Ľubica Knošková ; recenzenti: Jozef Mlákay, Katarína Hubová |
| 250 | |a 1. vyd. | ||
| 264 | 1 | |a Bratislava |b Vydavateľstvo EKONÓM |c 2014 | |
| 300 | |a 185 s. [10,90 AH] | ||
| 610 | 2 | 0 | |a manažment |
| 610 | 2 | 0 | |a dizajn |
| 610 | 2 | 0 | |a dizajn priemyselný |
| 610 | 2 | 0 | |a rozvoj trvalo udržateľný |
| 610 | 2 | 0 | |a inovácia výrobkov |
| 610 | 2 | 0 | |a inovácie environmentálne |
| 100 | 1 | |a Knošková, Ľubica, 1965- | |
| 700 | 1 | |a Mlákay, Jozef | |
| 700 | 1 | |a Hubová, Katarína | |
| 710 | 2 | |a Ekonomická univerzita v Bratislave. Obchodná fakulta | |